000 00931cab a2200289 4500
001 ABS50202
008 090401t1994 xxu||||| |||| 00| 0 eng d
035 _a(Sirsi) u74587
041 _aeng
245 _aMcCullagh v Lane Fox & Partners Ltd
260 _c1994
350 _a0
490 _aEstates Gazette
_v(1994) 08 EG 118-127(10)
520 _aQBD 14 January 1994. A claim for damages for a negligent misstatement by the estate agent as to the size of property was dismissed. Although a duty of care to the purchaser was established, the purchaser had not suffered any loss.
650 _aDAMAGES
650 _aDUTY OF CARE
650 _aESTATE AGENTS
650 _aMISSTATEMENT
650 _aNEGLIGENCE
650 _aPARTICULARS
650 _aPLOT
650 _aSIZE
650 _aValuation
_96273
690 _aMANAGEMENT-BUSINESS MANAGEMENT-PROFESSIONAL PRACTICE
942 _n0
948 _c04/03/1997
999 _c47009
_d47009